| 000 | 01163nas a2200349 c 4500 | ||
|---|---|---|---|
| 001 | 25360 | ||
| 003 | ES-MaCES | ||
| 005 | 20250404092933.0 | ||
| 007 | cr ||||||||||| | ||
| 008 | 940513d19002007fr q| | |fre d | ||
| 022 | 1 | _a0245-9132 | |
| 035 |
_aCES19980003418p _z10349 |
||
| 040 |
_aES-MaCES _bspa _cES-MaCES |
||
| 245 | 0 | 0 | _aEconomie et humanisme |
| 260 |
_aLyon (Antoine Dumont, 14, 69372, Cedex 08) _bEconomie et humanisme _c-2007 |
||
| 300 |
_av. _c22 cm |
||
| 310 | _aTrimestral | ||
| 500 | _aDescripción basada en: nº 328 (mars 1994) | ||
| 500 | _aTít. tomado de la cub | ||
| 541 | _cCompra | ||
| 592 | _aCerrada | ||
| 650 | 4 |
_asociedad _927269 |
|
| 650 | 4 |
_aciencias sociales _927256 |
|
| 653 | 1 | 0 | _aCiencias Sociales-Políticas |
| 710 | 2 |
_aEconomie et humanisme _eed. _92630 |
|
| 853 | 2 | 1 |
_bnº _iaño _jmes _vc _wq |
| 856 | 4 |
_uhttp://www.revue-economie-et-humanisme.eu/bdf/index.html _ytexto completo desde n. 310 (1989) hasta n, 382 (2007) |
|
| 866 | 0 |
_a(1994) 1995-1997 (1998) 1999-2007. _zUbicación: DEPÓSITO - 10349 |
|
| 905 |
_1Boletín D _p+ |
||
| 942 |
_2CES _cCR _h7.0. |
||
| 999 |
_c25360 _d25360 |
||